Лексико-семантичне поле "душевний стан людини" (на матеріалі творів "Джейн Ейр" Шарлотти Бронте та "Віднесені вітром" Маргарет Мітчелл) (Запис № 284866)

МАРК-запис
000 -LEADER
fixed length control field 01449nam a22001577a 4500
041 ## - LANGUAGE CODE
Language code of text/sound track or separate title ukr
080 ## - UNIVERSAL DECIMAL CLASSIFICATION NUMBER
Universal Decimal Classification number 09
090 ## - LOCALLY ASSIGNED LC-TYPE CALL NUMBER (OCLC); LOCAL CALL NUMBER (OCLC)
Local cutter number (OCLC) ; Book number/undivided call number, CALL (RLIN) ЦІМ
100 ## - MAIN ENTRY--PERSONAL NAME
Personal name Цімахович К. П.
245 ## - TITLE STATEMENT
Title Лексико-семантичне поле "душевний стан людини" (на матеріалі творів "Джейн Ейр" Шарлотти Бронте та "Віднесені вітром" Маргарет Мітчелл)
260 ## - PUBLICATION, DISTRIBUTION, ETC. (IMPRINT)
Place of publication, distribution, etc Острог
Name of publisher, distributor, etc КАФ
Date of publication, distribution, etc 2012
300 ## - PHYSICAL DESCRIPTION
Extent 59
520 ## - SUMMARY, ETC.
Summary, etc РОЗДІЛ 1. ТЕОРЕТИЧНІ ОСНОВИ ВИВЧЕННЯ ЛЕКСИКИ НА ПОЗНАЧЕННЯ ЕМОЦІЙ.<br/>1.1. Лексико-семантичне поле як сруктурний компонент худоднього твору.<br/>1.2. Емоції як обєкт вивчення в лінгвістиці.<br/>1.3. Структура лексико-семантичного поля "душевний стан людини" в романах "Джейн Ейр" Шарлоти Бронет та "Віднесені вітром" Маргарет Мітчелл.<br/>2.2. Тематична та функціонально-семантична структура лексико-семантичного поля "душевний стан людини" в аналізованих творах і його емоційні центри.
-- лексико-семантичне поле
650 ## - SUBJECT ADDED ENTRY--TOPICAL TERM
Topical term or geographic name as entry element Research Papers
942 ## - ADDED ENTRY ELEMENTS (KOHA)
Koha item type Книги
Фонди
Withdrawn status Lost status Source of classification or shelving scheme Damaged status Not for loan Home library Current library Date acquired Source of acquisition Cost, normal purchase price Total Checkouts Full call number Barcode Date last seen Price effective from Koha item type
    Universal Decimal Classification     ВІЛ - Відділ іноземн. літератури НБ ВІЛ - Відділ іноземн. літератури НБ 17/09/2012 Акт №4 1.00   09 214902 09/11/2021 17/09/2012 Книги